Itália - Statistics

Estatísticas Gerais
  • Esse quiz foi jogado 134 vezes
  • A pontuação média é 11 de 15
Estatísticas das Respostas
Hint Resposta % Correto
Qual é o seu código ISO? ITA
100%
Qual é a sua capital? Roma
99%
Qual é a sua moeda? Euro
98%
Qual é o seu idioma? Italiano
98%
Onde fica? Europa
96%
Qual é a cidade famosa pelos seus canais? Veneza
93%
Qual cidade é considerada a cidade da moda? Milão
88%
Qual é o seu prato típico? Pizza
82%
Quem liderou o Partido Nacional Fascista? Benito Mussolini
78%
Quem pintou A última ceia? Leonardo Da Vinci
76%
Que cidade é considerada o berço do renascimento italiano? Florença
59%
Que famoso vulcão desvastou Pompéia e Herculano? Vesúvio
58%
Que autor italiano escreveu "O Príncipe"? Maquiavel
43%
Qual é o filme italiano dramático que se passa durante a Segunda Guerra Mundial? A vida é Bela
34%
Como se chama o famoso cantor italiano de ópera? Pavarotti
34%
Nenhum quiz correspondente encontrado
Distribuição das Pontuações
Porcentagem de Pessoas com Cada Pontuação
Percentil de Números Respondidos
Sua Pontuação Histórica
Você não jogou esse quiz